History Quiz

Random History or Clickable Quiz
Score 0/20 Timer 04:00
1 Play Today
% Correct
Abraham Lincoln
92.7%
Liliuokalani
91.3%
Fiorello H. La Guardia
90.4%
Charles Lindbergh
90.4%
Harper Lee
90.3%
Robert E. Lee
88.6%
Vince Lombardi
86.5%
Jim Lovell
81.2%
Joe Lieberman
79.7%
Meriwether Lewis
77.8%
% Correct
Henry Wadsworth Longfellow
75.4%
Huey Long
64.6%
Henry Cabot Lodge
59.7%
John Lewis
56.8%
Juliette Gordon Low
49.9%
Alf Landon
49.1%
Clare Boothe Luce
46.8%
Harriet Lane
44.9%
Robert La Follette
42.2%
Ann Lee
21.9%
Come Together.
Have Fun.
All Virtual.
We all need to come together. Play Sporcle's virtual live trivia to have fun, connect with people, and get your trivia on. Join a live hosted trivia game for your favorite pub trivia experience done virtually. If a virtual private party is more your thing, go here for details.

You're not logged in!

Compare scores with friends on all Sporcle quizzes.
OR
Log In

Sporcle TV

Today on Sporcle TV


Watch our educational content, quiz creation guides, and fun videos on Sporcle TV.

Show Comments

Extras

Top Quizzes Today


Score Distribution

Paid Content

Your Account Isn't Verified!

In order to create a playlist on Sporcle, you need to verify the email address you used during registration. Go to your Sporcle Settings to finish the process.

Report this User

Report this user for behavior that violates our Community Guidelines.

Details: